Online Catalogue and eLibrary

Akka (Record no. 4641)

MARC details
000 -LEADER
fixed length control field 00390nam a2200157Ia 4500
005 - DATE AND TIME OF LATEST TRANSACTION
control field 20250319043019.0
008 - FIXED-LENGTH DATA ELEMENTS--GENERAL INFORMATION
fixed length control field 240331s9999 xx 000 0 und d
020 ## - INTERNATIONAL STANDARD BOOK NUMBER
ISBN 9307035034
082 ## - DDC Classification
Class No. 894
Item Number - Author Mark AKK
100 ## - MAIN ENTRY--PERSONAL NAME
Personal name Nanjundan,G
245 #0 - TITLE STATEMENT
Title Akka
260 ## - PUBLICATION, DISTRIBUTION, ETC.
Place of publication, distribution, etc. Nagercoil
Name of publisher, distributor, etc. Kalachuvadu Pathippagam
Date of publication, distribution, etc. 2007
300 ## - PHYSICAL DESCRIPTION
Extent (e.g. Volumes, Pages etc.) 221 p .,
500 ## - GENERAL NOTE
General note Short Stories Translated from Kannada
942 ## - Koha item type (Biblio)
Koha item type Books in Stacks (Lending)
Holdings
Lost status Damaged status Collection code Home library Current library Shelving location Date acquired Full call number Accession Number Item type
    Lending WERC Library WERC Library Social Science Cupboard 03/31/2024 894.811NAN 6237 Books in Stacks (Lending)

© WERC Library